00501nam a2200193 a 4500001001300000003000900013005001700022008004100039020002300080082001400103100001600117245002500133260004200158300000900200500003500209505002100244650002600265700001600291nice12345678IN_TiNIC20260116015001.0080421s2003 leia grp 000 0 eng  a083083205X c10000a230bSTO1 aStott, John aWhy I Am a Christian aLeicesterbInter Varsity Press c2003 a140p aincludes index and biblioraphy2 aScriptures Index aGender Discrimination1 aStott, John